Nghiên cứu tích lũy carbon trong cây rừng ngập mặn ở ba dạng lập địa, nơi chịu ảnh hưởng triều biển Đông tại huyện Ngọc Hiển, tỉnh Cà Mau (Luận văn tốt nghiệp cao học. Ngành Quản lý Đất đai)

Mục tiêu nghiên cứu của đề tài là xác định carbon tích lũy trong cây ở ba dạng lập địa rừng ngập mặn (ven biển, cửa sông và ven sông) và khảo sát mối quan hệ một số điều kiện lý hóa đất với tích lũy carbon trong cây tại huyện Ngọc Hiển...

Descrizione completa

Salvato in:
Dettagli Bibliografici
Autore principale: Nguyễn, Vũ Lam
Natura: Libro
Lingua:Undetermined
Pubblicazione: Cần Thơ Trường Đại học Cần Thơ 2014
Soggetti:
Tags: Aggiungi Tag
Nessun Tag, puoi essere il primo ad aggiungerne! !
Thư viện lưu trữ: Trung tâm Học liệu Trường Đại học Cần Thơ
LEADER 01355nam a2200217Ia 4500
001 CTU_199052
008 210402s9999 xx 000 0 und d
082 |a 363.738 
082 |b L104 
088 |a 60850103 
100 |a Nguyễn, Vũ Lam 
245 0 |a Nghiên cứu tích lũy carbon trong cây rừng ngập mặn ở ba dạng lập địa, nơi chịu ảnh hưởng triều biển Đông tại huyện Ngọc Hiển, tỉnh Cà Mau 
245 0 |b (Luận văn tốt nghiệp cao học. Ngành Quản lý Đất đai) 
245 0 |c Nguyễn Vũ Lam ; Lê Tấn Lợi, Nguyễn Hà Quốc Tính (cán bộ hướng dẫn) 
260 |a Cần Thơ 
260 |b Trường Đại học Cần Thơ 
260 |c 2014 
520 |a Mục tiêu nghiên cứu của đề tài là xác định carbon tích lũy trong cây ở ba dạng lập địa rừng ngập mặn (ven biển, cửa sông và ven sông) và khảo sát mối quan hệ một số điều kiện lý hóa đất với tích lũy carbon trong cây tại huyện Ngọc Hiển, tỉnh Cà Mau 
650 |a Tích lũy carbon,Carbon,Biomass 
904 |i Võ Thị Thanh Lan (Nguyên) 
980 |a Trung tâm Học liệu Trường Đại học Cần Thơ